Stratégia rozvoja cestovného ruchu v krajinách strednej Európy

Závery a odporúčania 8. medzinárodnej konferencie s názvom "Stratégia rozvoja cestovného ruchu v krajinách strednej Európy" konanej v Poprade, ktoré ovplyvnia rozvíjanie teórie a praxe nášho cestovného ruchu najbližších päť rokov.

Na minha lista:
Detalhes bibliográficos
Autor principal: Gúčik, Marián
Formato: Capítulo de Livro
Idioma:eslovaco
Assuntos:
Tags: Adicionar Tag
Sem tags, seja o primeiro a adicionar uma tag!

MARC

LEADER 00000naa a2200000 4500
001 r044547
005 20230426123822.5
041 0 |a slo 
044 |a SK 
245 1 0 |a Stratégia rozvoja cestovného ruchu v krajinách strednej Európy  |c Marian Gúčik 
520 |a Závery a odporúčania 8. medzinárodnej konferencie s názvom "Stratégia rozvoja cestovného ruchu v krajinách strednej Európy" konanej v Poprade, ktoré ovplyvnia rozvíjanie teórie a praxe nášho cestovného ruchu najbližších päť rokov. 
610 2 0 |a ruch cestovný 
610 2 0 |a vývoj 
610 2 0 |a rozvoj regionálny 
610 2 0 |a rozvoj územný 
610 2 0 |a stredná Európa 
610 2 0 |a Slovensko 
100 1 |a Gúčik, Marián